000 01231cam a2200361 4500
999 _c24097
_d24097
001 vtls012144342
005 20251219141041.0
008 220720s2022 xo g 000 f slo
020 _a9788055184050
_q(viazané)
040 _aTTKJF
_bslo
_cTTKJF
_dSNK
_erda
041 1 _aslo
_heng
044 _axo
_cSK
072 7 _a821.112.2-3
_xNemecká próza, nemecky písaná
_2konspekt
080 _a821.112.2-31
_22011
080 _a(0:82-311.6)
_22011
100 1 _aScott, Nikola
_4aut
_95368
240 1 4 _aThe Orchard Girls
_lSlovensky
245 1 0 _aDievčatá z ovocných sadov
_cNikola Scott ; preložila Tamara Chovanová
264 1 _aBratislava
_bIkar
_c2022
300 _a486 strán
_c21 cm
336 _atext
_btxt
_2rdacontent
337 _abez média
_bn
_2rdamedia
338 _azväzok
_bnc
_2rdacarrier
500 _aPreložené z angličtiny
500 _aObsahuje stručné biografické údaje o autorke na záložke prebalu publikácie
655 7 _anemecké romány
_2SNKPH
_92380
655 7 _aGerman fiction
_2SNKPHeng
_92379
655 7 _aHistorical novels
_2SNKPHeng
_91689
655 7 _ahistorické romány
_2SNKPH
_91688
700 1 _aChovanová, Tamara,
_d1953-
_4trl
_91712
958 _aLX
958 _aUP